[Event "2023 National K-12 Grade Championships"]
[Site "Orlando, Florida, United States"]
[Date "2023.12.17"]
[Round "7.8"]
[White "Jiang, Rui"]
[Black "Chasin, Nico Werner"]
[Result "0-1"]
[TimeControl "G/90;d10"]
[WhiteElo "1990"]
[BlackElo "2514"]

1. e4 {[%clk 01:30:00]} {[%emt 00:00:02]} c5 {[%clk 01:24:22]} {[%emt
00:05:47]} 2. Nf3 {[%clk 01:30:00]} {[%emt 00:00:04]} Nc6 {[%clk 01:24:22]}
{[%emt 00:00:04]} 3. d4 {[%clk 01:30:00]} {[%emt 00:00:04]} cxd4 {[%clk
01:24:22]} {[%emt 00:00:03]} 4. Nxd4 {[%clk 01:30:00]} {[%emt 00:00:02]} e6
{[%clk 01:24:22]} {[%emt 00:00:04]} 5. Nc3 {[%clk 01:30:00]} {[%emt 00:00:05]}
Qc7 {[%clk 01:24:22]} {[%emt 00:00:03]} 6. Be3 {[%clk 01:30:00]} {[%emt
00:00:05]} a6 {[%clk 01:24:22]} {[%emt 00:00:03]} 7. Be2 {[%clk 01:30:00]}
{[%emt 00:00:04]} Nf6 {[%clk 01:24:22]} {[%emt 00:00:05]} 8. O-O {[%clk
01:30:00]} {[%emt 00:00:07]} Be7 {[%clk 01:24:22]} {[%emt 00:00:03]} 9. f4
{[%clk 01:30:00]} {[%emt 00:00:05]} d6 {[%clk 01:24:22]} {[%emt 00:00:03]} 10.
Qe1 {[%clk 01:30:00]} {[%emt 00:00:02]} O-O {[%clk 01:22:43]} {[%emt 00:01:49]}
11. Qg3 {[%clk 01:30:00]} {[%emt 00:00:07]} Bd7 {[%clk 01:22:43]} {[%emt
00:00:02]} 12. Kh1 {[%clk 01:29:33]} {[%emt 00:00:37]} Nxd4 {[%clk 01:22:43]}
{[%emt 00:00:08]} 13. Bxd4 {[%clk 01:29:33]} {[%emt 00:00:02]} Bc6 {[%clk
01:22:43]} 14. Bd3 {[%clk 01:29:28]} {[%emt 00:00:14]} b5 {[%clk 01:22:39]}
{[%emt 00:00:15]} 15. a3 {[%clk 01:29:28]} {[%emt 00:00:01]} Rad8 {[%clk
01:22:39]} {[%emt 00:00:04]} 16. Rae1 {[%clk 01:29:21]} {[%emt 00:00:18]} Qd7
{[%clk 01:22:39]} {[%emt 00:00:06]} 17. Re2 {[%clk 01:24:42]} {[%emt 00:04:48]}
Nh5 {[%clk 01:12:12]} {[%emt 00:10:36]} 18. Qg4 {[%clk 01:24:28]} {[%emt
00:00:26]} Nf6 {[%clk 01:12:12]} {[%emt 00:00:05]} 19. Qg3 {[%clk 01:24:28]}
{[%emt 00:00:01]} a5 {[%clk 01:10:27]} {[%emt 00:01:54]} 20. Nd1 {[%clk
01:19:31]} {[%emt 00:05:08]} g6 {[%clk 01:05:43]} {[%emt 00:04:53]} 21. f5
{[%clk 01:18:25]} {[%emt 00:01:16]} e5 {[%clk 01:05:40]} {[%emt 00:00:13]} 22.
Bc3 {[%clk 01:17:18]} {[%emt 00:01:18]} b4 {[%clk 01:01:49]} {[%emt 00:04:01]}
23. axb4 {[%clk 01:16:56]} {[%emt 00:00:31]} axb4 {[%clk 01:01:49]} {[%emt
00:00:01]} 24. Bxb4 {[%clk 01:13:38]} {[%emt 00:03:28]} Qb7 {[%clk 01:01:14]}
{[%emt 00:00:44]} 25. Bd2 {[%clk 01:11:58]} {[%emt 00:01:49]} Ra8 {[%clk
00:54:13]} {[%emt 00:07:11]} 26. Bh6 {[%clk 01:10:07]} {[%emt 00:02:01]} Rfe8
{[%clk 00:50:19]} {[%emt 00:04:04]} 27. fxg6 {[%clk 01:08:02]} {[%emt
00:02:16]} fxg6 {[%clk 00:47:09]} {[%emt 00:03:19]} 28. Ref2 {[%clk 01:03:42]}
{[%emt 00:04:30]} Ra1 {[%clk 00:42:58]} {[%emt 00:04:22]} 29. Nc3 {[%clk
00:59:50]} {[%emt 00:04:02]} Qxb2 {[%clk 00:42:58]} {[%emt 00:00:09]} 30. Bc4+
{[%clk 00:59:01]} {[%emt 00:00:58]} Kh8 {[%clk 00:42:58]} {[%emt 00:00:01]} 31.
Rxa1 {[%clk 00:57:30]} {[%emt 00:01:41]} Qxa1+ {[%clk 00:41:39]} {[%emt
00:01:29]} 32. Rf1 {[%clk 00:57:30]} {[%emt 00:00:01]} Qa8 {[%clk 00:35:37]}
{[%emt 00:06:10]} 33. Qf3 {[%clk 00:55:13]} {[%emt 00:02:29]} Bxe4 {[%clk
00:22:42]} {[%emt 00:13:05]} 34. Nxe4 {[%clk 00:54:56]} {[%emt 00:00:26]} Qxe4
{[%clk 00:22:42]} {[%emt 00:00:02]} 35. Qxe4 {[%clk 00:54:07]} {[%emt
00:00:59]} Nxe4 {[%clk 00:22:19]} {[%emt 00:00:33]} 36. Rf7 {[%clk 00:54:04]}
{[%emt 00:00:13]} Bf6 {[%clk 00:22:19]} {[%emt 00:00:08]} 37. Bd5 {[%clk
00:51:01]} {[%emt 00:03:14]} Nf2+ {[%clk 00:19:57]} {[%emt 00:02:32]} 38. Kg1
{[%clk 00:51:01]} {[%emt 00:00:01]} Ng4 {[%clk 00:19:57]} {[%emt 00:00:01]} 39.
Rf8+ {[%clk 00:49:47]} {[%emt 00:01:24]} Rxf8 {[%clk 00:19:26]} {[%emt
00:00:40]} 40. Bxf8 {[%clk 00:49:47]} {[%emt 00:00:03]} e4 {[%clk 00:18:30]}
{[%emt 00:01:07]} 41. Bxe4 {[%clk 00:46:56]} {[%emt 00:03:00]} Bd4+ {[%clk
00:18:29]} {[%emt 00:00:10]} 42. Kf1 {[%clk 00:46:54]} {[%emt 00:00:13]} Nxh2+
{[%clk 00:18:29]} {[%emt 00:00:03]} 43. Ke2 {[%clk 00:46:53]} {[%emt 00:00:11]}
Be5 {[%clk 00:18:14]} {[%emt 00:00:24]} 44. Bd5 {[%clk 00:45:11]} {[%emt
00:01:52]} Ng4 {[%clk 00:17:51]} {[%emt 00:00:33]} 45. c4 {[%clk 00:44:38]}
{[%emt 00:00:44]} Nf6 {[%clk 00:17:48]} {[%emt 00:00:11]} 46. Be6 {[%clk
00:44:31]} {[%emt 00:00:18]} Ne4 {[%clk 00:17:19]} {[%emt 00:00:39]} 47. Bh6
{[%clk 00:42:37]} {[%emt 00:02:05]} Bg7 {[%clk 00:16:49]} {[%emt 00:00:39]} 48.
Be3 {[%clk 00:40:56]} {[%emt 00:01:51]} h5 {[%clk 00:13:53]} {[%emt 00:03:07]}
49. Kd3 {[%clk 00:40:32]} {[%emt 00:00:34]} Nf6 {[%clk 00:12:58]} {[%emt
00:01:04]} 50. c5 {[%clk 00:36:29]} {[%emt 00:04:14]} dxc5 {[%clk 00:12:58]}
{[%emt 00:00:06]} 51. Bxc5 {[%clk 00:36:29]} {[%emt 00:00:02]} Kh7 {[%clk
00:12:47]} {[%emt 00:00:16]} 52. Bd4 {[%clk 00:35:42]} {[%emt 00:01:01]} Ne8
{[%clk 00:12:41]} {[%emt 00:00:16]} 53. Bf2 {[%clk 00:35:18]} {[%emt 00:00:34]}
Bf6 {[%clk 00:12:29]} {[%emt 00:00:21]} 54. Ke2 {[%clk 00:34:32]} {[%emt
00:00:56]} Nd6 {[%clk 00:11:18]} {[%emt 00:01:20]} 55. Kf3 {[%clk 00:34:08]}
{[%emt 00:00:36]} g5 {[%clk 00:11:18]} {[%emt 00:00:01]} 56. Bc5 {[%clk
00:33:13]} {[%emt 00:01:05]} Nb7 {[%clk 00:11:07]} {[%emt 00:00:20]} 57. Bf5+
{[%clk 00:29:33]} {[%emt 00:03:51]} Kg7 {[%clk 00:09:40]} {[%emt 00:01:37]} 58.
Bb4 {[%clk 00:29:22]} {[%emt 00:00:22]} Nd8 {[%clk 00:09:40]} {[%emt 00:00:01]}
59. Be4 {[%clk 00:27:23]} {[%emt 00:02:09]} Ne6 {[%clk 00:09:03]} {[%emt
00:00:46]} 60. Bd2 {[%clk 00:26:51]} {[%emt 00:00:44]} g4+ {[%clk 00:09:03]}
{[%emt 00:00:08]} 61. Kg3 {[%clk 00:26:13]} {[%emt 00:00:48]} Nd4 {[%clk
00:07:27]} {[%emt 00:01:45]} 62. Be3 {[%clk 00:25:50]} {[%emt 00:00:33]} Ne2+
{[%clk 00:07:27]} {[%emt 00:00:09]} 63. Kf2 {[%clk 00:25:49]} {[%emt 00:00:10]}
Nc3 {[%clk 00:07:27]} {[%emt 00:00:04]} 64. Bf5 {[%clk 00:25:15]} {[%emt
00:00:44]} Be5 {[%clk 00:07:16]} {[%emt 00:00:21]} 65. Bg5 {[%clk 00:23:34]}
{[%emt 00:01:52]} Nb5 {[%clk 00:07:06]} {[%emt 00:00:19]} 66. Bd3 {[%clk
00:23:13]} {[%emt 00:00:32]} Nd4 {[%clk 00:07:06]} {[%emt 00:00:10]} 67. Be3
{[%clk 00:22:49]} {[%emt 00:00:34]} Nc6 {[%clk 00:06:54]} {[%emt 00:00:21]} 68.
Be4 {[%clk 00:22:34]} {[%emt 00:00:26]} Ne7 {[%clk 00:06:20]} {[%emt 00:00:44]}
69. Bc5 {[%clk 00:22:06]} {[%emt 00:00:39]} Ng8 {[%clk 00:05:54]} {[%emt
00:00:33]} 70. Bf5 {[%clk 00:21:14]} {[%emt 00:01:05]} Kf6 {[%clk 00:04:59]}
{[%emt 00:00:50]} 71. Bh7 {[%clk 00:20:10]} {[%emt 00:01:28]} Nh6 {[%clk
00:04:59]} {[%emt 00:00:02]} 72. Be3 {[%clk 00:20:10]} {[%emt 00:00:09]} Nf7
{[%clk 00:04:59]} {[%emt 00:00:03]} 73. Bd3 {[%clk 00:19:51]} {[%emt 00:00:28]}
Bd6 {[%clk 00:04:50]} {[%emt 00:00:19]} 74. Bd4+ {[%clk 00:19:33]} {[%emt
00:00:29]} Kg5 {[%clk 00:04:50]} {[%emt 00:00:06]} 75. Bc4 {[%clk 00:19:24]}
{[%emt 00:00:19]} Nh6 {[%clk 00:04:08]} {[%emt 00:00:51]} 76. Be6 {[%clk
00:18:56]} {[%emt 00:00:39]} h4 {[%clk 00:02:50]} {[%emt 00:01:29]} 77. Bg7
{[%clk 00:18:26]} {[%emt 00:00:40]} Bc5+ {[%clk 00:02:50]} {[%emt 00:00:02]} 78.
Kf1 {[%clk 00:18:03]} {[%emt 00:00:33]} Nf5 {[%clk 00:02:50]} {[%emt 00:00:04]}
79. Bxf5 {[%clk 00:15:25]} {[%emt 00:02:49]} Kxf5 {[%clk 00:02:20]} {[%emt
00:00:39]} 80. Bh6 {[%clk 00:15:07]} {[%emt 00:00:29]} g3 {[%clk 00:02:11]}
{[%emt 00:00:19]} 81. Bd2 {[%clk 00:12:26]} {[%emt 00:02:51]} Ke4 {[%clk
00:02:11]} {[%emt 00:00:10]} 82. Be1 {[%clk 00:09:41]} {[%emt 00:02:54]} Ke3
{[%clk 00:02:11]} {[%emt 00:00:01]} 83. Bf2+ {[%clk 00:09:33]} {[%emt
00:00:18]} gxf2 {[%clk 00:02:11]} {[%emt 00:00:04]} 84. Kg1 {[%clk 00:09:12]}
{[%emt 00:00:23]} 0-1

[Event "2023 National K-12 Grade Championships"]
[Site "Orlando, Florida, United States"]
[Date "2023.12.17"]
[Round "7.9"]
[White "Ngo, Bach"]
[Black "Gao, Marvin"]
[Result "1/2-1/2"]
[TimeControl "G/90;d10"]
[WhiteElo "2446"]
[BlackElo "2306"]

1. d4 {[%clk 01:30:00]} {[%emt 00:00:02]} Nf6 {[%clk 01:29:16]} {[%emt
00:00:55]} 2. c4 {[%clk 01:30:00]} {[%emt 00:00:06]} c5 {[%clk 01:29:10]}
{[%emt 00:00:16]} 3. d5 {[%clk 01:30:00]} {[%emt 00:00:08]} b5 {[%clk
01:29:08]} {[%emt 00:00:12]} 4. Nf3 {[%clk 01:30:00]} {[%emt 00:00:09]} g6
{[%clk 01:27:49]} {[%emt 00:01:30]} 5. cxb5 {[%clk 01:29:49]} {[%emt 00:00:21]}
a6 {[%clk 01:27:49]} {[%emt 00:00:09]} 6. e3 {[%clk 01:29:30]} {[%emt
00:00:29]} Bg7 {[%clk 01:27:49]} {[%emt 00:00:08]} 7. Nc3 {[%clk 01:29:30]}
{[%emt 00:00:07]} O-O {[%clk 01:27:49]} {[%emt 00:00:09]} 8. a4 {[%clk
01:29:12]} {[%emt 00:00:28]} d6 {[%clk 01:26:40]} {[%emt 00:01:19]} 9. Ra3
{[%clk 01:21:26]} {[%emt 00:07:56]} Nbd7 {[%clk 01:26:00]} {[%emt 00:00:49]} 10.
e4 {[%clk 01:20:53]} {[%emt 00:00:43]} Ne8 {[%clk 01:14:41]} {[%emt 00:11:30]}
11. Nd2 {[%clk 01:15:08]} {[%emt 00:05:54]} Nc7 {[%clk 01:12:08]} {[%emt
00:02:45]} 12. Nc4 {[%clk 01:11:49]} {[%emt 00:03:28]} axb5 {[%clk 01:11:39]}
{[%emt 00:00:40]} 13. axb5 {[%clk 01:08:26]} {[%emt 00:03:32]} Rxa3 {[%clk
01:03:59]} {[%emt 00:07:51]} 14. Nxa3 {[%clk 01:08:26]} {[%emt 00:00:08]} Bb7
{[%clk 01:03:56]} {[%emt 00:00:13]} 15. Be2 {[%clk 01:01:08]} {[%emt 00:07:28]}
Nb6 {[%clk 01:02:44]} {[%emt 00:01:21]} 16. O-O {[%clk 00:59:42]} {[%emt
00:01:35]} e6 {[%clk 01:01:31]} {[%emt 00:01:25]} 17. Nc4 {[%clk 00:52:05]}
{[%emt 00:07:47]} Nxc4 {[%clk 00:58:25]} {[%emt 00:03:15]} 18. Bxc4 {[%clk
00:52:05]} {[%emt 00:00:02]} Bxc3 {[%clk 00:53:48]} {[%emt 00:04:47]} 19. bxc3
{[%clk 00:52:05]} {[%emt 00:00:06]} exd5 {[%clk 00:53:48]} {[%emt 00:00:09]} 20.
exd5 {[%clk 00:51:24]} {[%emt 00:00:49]} Re8 {[%clk 00:52:33]} {[%emt
00:01:26]} 21. Qf3 {[%clk 00:37:05]} {[%emt 00:14:27]} Qh4 {[%clk 00:48:41]}
{[%emt 00:04:03]} 22. Bf4 {[%clk 00:34:35]} {[%emt 00:02:40]} Nxd5 {[%clk
00:30:43]} {[%emt 00:18:08]} 23. Bxd5 {[%clk 00:33:11]} {[%emt 00:01:34]} Bxd5
{[%clk 00:30:43]} {[%emt 00:00:03]} 24. Qxd5 {[%clk 00:33:10]} {[%emt
00:00:10]} Qxf4 {[%clk 00:30:43]} {[%emt 00:00:05]} 25. g3 {[%clk 00:30:12]}
{[%emt 00:03:07]} Qa4 {[%clk 00:28:30]} {[%emt 00:02:23]} 26. c4 {[%clk
00:24:30]} {[%emt 00:05:52]} Re2 {[%clk 00:25:04]} {[%emt 00:03:36]} 27. b6
{[%clk 00:24:30]} {[%emt 00:00:05]} Qb4 {[%clk 00:23:25]} {[%emt 00:01:48]} 28.
b7 {[%clk 00:19:50]} {[%emt 00:04:51]} Re7 {[%clk 00:22:01]} {[%emt 00:01:33]}
29. Qxd6 {[%clk 00:18:54]} {[%emt 00:01:07]} Rxb7 {[%clk 00:21:55]} {[%emt
00:00:16]} 30. Qd8+ {[%clk 00:18:11]} {[%emt 00:00:52]} 1/2-1/2

[Event "2023 National K-12 Grade Championships"]
[Site "Orlando, Florida, United States"]
[Date "2023.12.17"]
[Round "7.10"]
[White "Zhang, Roger"]
[Black "Yin, Evan"]
[Result "1/2-1/2"]
[TimeControl "G/90;d10"]
[WhiteElo "2214"]
[BlackElo "2109"]

1. e4 {[%clk 01:30:00]} e5 {[%clk 01:30:00]} {[%emt 00:00:05]} 2. Nf3 {[%clk
01:30:00]} {[%emt 00:00:03]} Nc6 {[%clk 01:30:00]} {[%emt 00:00:04]} 3. Bb5
{[%clk 01:30:00]} {[%emt 00:00:02]} a6 {[%clk 01:30:00]} {[%emt 00:00:05]} 4.
Ba4 {[%clk 01:30:00]} {[%emt 00:00:02]} Nf6 {[%clk 01:30:00]} {[%emt 00:00:05]}
5. O-O {[%clk 01:30:00]} {[%emt 00:00:02]} b5 {[%clk 01:30:00]} {[%emt
00:00:06]} 6. Bb3 {[%clk 01:30:00]} {[%emt 00:00:03]} Be7 {[%clk 01:30:00]}
{[%emt 00:00:05]} 7. d4 {[%clk 01:29:56]} {[%emt 00:00:15]} d6 {[%clk
01:29:12]} {[%emt 00:00:58]} 8. dxe5 {[%clk 01:29:28]} {[%emt 00:00:38]} Nxe5
{[%clk 01:28:29]} {[%emt 00:00:52]} 9. Nxe5 {[%clk 01:28:50]} {[%emt 00:00:49]}
dxe5 {[%clk 01:28:29]} {[%emt 00:00:05]} 10. Qxd8+ {[%clk 01:28:50]} {[%emt
00:00:02]} Bxd8 {[%clk 01:28:29]} {[%emt 00:00:06]} 11. f4 {[%clk 01:24:58]}
{[%emt 00:04:03]} exf4 {[%clk 01:14:27]} {[%emt 00:14:11]} 12. e5 {[%clk
01:22:26]} {[%emt 00:02:43]} Nd7 {[%clk 01:11:29]} {[%emt 00:03:08]} 13. Bxf4
{[%clk 01:13:36]} {[%emt 00:09:01]} O-O {[%clk 01:06:08]} {[%emt 00:05:30]} 14.
e6 {[%clk 01:06:33]} {[%emt 00:07:13]} fxe6 {[%clk 01:06:02]} {[%emt 00:00:15]}
15. Bxe6+ {[%clk 01:06:33]} {[%emt 00:00:03]} Kh8 {[%clk 01:06:02]} {[%emt
00:00:06]} 16. Nc3 {[%clk 01:03:57]} {[%emt 00:02:46]} Nf6 {[%clk 00:59:18]}
{[%emt 00:06:53]} 17. Rae1 {[%clk 01:02:09]} {[%emt 00:01:59]} Be7 {[%clk
00:56:22]} {[%emt 00:03:06]} 18. Bxc8 {[%clk 01:00:10]} {[%emt 00:02:10]} Bc5+
{[%clk 00:56:22]} {[%emt 00:00:06]} 19. Be3 {[%clk 01:00:08]} {[%emt 00:00:13]}
Bxe3+ {[%clk 00:56:22]} {[%emt 00:00:10]} 20. Rxe3 {[%clk 01:00:08]} {[%emt
00:00:02]} Raxc8 {[%clk 00:55:48]} {[%emt 00:00:43]} 21. Re6 {[%clk 00:59:14]}
{[%emt 00:01:04]} Rfe8 {[%clk 00:47:26]} {[%emt 00:08:32]} 22. Rfe1 {[%clk
00:53:22]} {[%emt 00:06:02]} Kg8 {[%clk 00:44:10]} {[%emt 00:03:25]} 23. Rxe8+
{[%clk 00:51:54]} {[%emt 00:01:39]} Nxe8 {[%clk 00:43:03]} {[%emt 00:01:17]} 24.
Re6 {[%clk 00:51:04]} {[%emt 00:01:00]} c6 {[%clk 00:41:29]} {[%emt 00:01:44]}
25. Ne4 {[%clk 00:50:34]} {[%emt 00:00:40]} Kf7 {[%clk 00:40:12]} {[%emt
00:01:26]} 26. Ng5+ {[%clk 00:50:34]} {[%emt 00:00:08]} Kg8 {[%clk 00:39:52]}
{[%emt 00:00:30]} 27. Ne4 {[%clk 00:50:34]} {[%emt 00:00:04]} Kf7 {[%clk
00:39:51]} {[%emt 00:00:11]} 28. Ng5+ {[%clk 00:50:34]} {[%emt 00:00:02]} Kg8
{[%clk 00:39:51]} {[%emt 00:00:06]} 29. Re7 {[%clk 00:49:21]} {[%emt 00:01:23]}
Nc7 {[%clk 00:36:48]} {[%emt 00:03:13]} 30. Kf2 {[%clk 00:42:59]} {[%emt
00:06:32]} h6 {[%clk 00:34:19]} {[%emt 00:02:38]} 31. Ne6 {[%clk 00:41:39]}
{[%emt 00:01:29]} Nxe6 {[%clk 00:34:16]} {[%emt 00:00:15]} 32. Rxe6 {[%clk
00:41:39]} {[%emt 00:00:01]} Kf7 {[%clk 00:34:13]} {[%emt 00:00:13]} 33. Rd6
{[%clk 00:41:00]} {[%emt 00:00:49]} Ke7 {[%clk 00:33:41]} {[%emt 00:00:41]} 34.
Rg6 {[%clk 00:40:55]} {[%emt 00:00:15]} Kf7 {[%clk 00:33:25]} {[%emt 00:00:27]}
35. Rd6 {[%clk 00:40:11]} {[%emt 00:00:54]} Ke7 {[%clk 00:33:15]} {[%emt
00:00:19]} 36. Rd3 {[%clk 00:40:11]} {[%emt 00:00:09]} c5 {[%clk 00:31:23]}
{[%emt 00:02:02]} 37. Re3+ {[%clk 00:34:43]} {[%emt 00:05:38]} 1/2-1/2

[Event "2023 National K-12 Grade Championships"]
[Site "Orlando, Florida, United States"]
[Date "2023.12.17"]
[Round "7.11"]
[White "Li, Kevin"]
[Black "Shukla, Aniket"]
[Result "1/2-1/2"]
[TimeControl "G/90;d10"]
[WhiteElo "2175"]
[BlackElo "2186"]

1. e4 {[%clk 01:30:00]} {[%emt 00:00:02]} c5 {[%clk 01:23:29]} {[%emt
00:06:42]} 2. g3 {[%clk 01:29:58]} {[%emt 00:00:13]} Nc6 {[%clk 01:23:26]}
{[%emt 00:00:12]} 3. Bg2 {[%clk 01:29:58]} {[%emt 00:00:03]} g6 {[%clk
01:23:26]} {[%emt 00:00:06]} 4. Ne2 {[%clk 01:29:58]} {[%emt 00:00:02]} Bg7
{[%clk 01:23:23]} {[%emt 00:00:12]} 5. O-O {[%clk 01:29:58]} {[%emt 00:00:05]}
d6 {[%clk 01:23:05]} {[%emt 00:00:27]} 6. c3 {[%clk 01:29:58]} {[%emt
00:00:04]} e5 {[%clk 01:20:57]} {[%emt 00:02:18]} 7. d3 {[%clk 01:29:58]}
{[%emt 00:00:06]} Nge7 {[%clk 01:20:53]} {[%emt 00:00:13]} 8. Be3 {[%clk
01:29:58]} {[%emt 00:00:09]} O-O {[%clk 01:19:53]} {[%emt 00:01:09]} 9. f4
{[%clk 01:28:28]} {[%emt 00:01:40]} f5 {[%clk 01:14:19]} {[%emt 00:05:44]} 10.
Nd2 {[%clk 01:27:20]} {[%emt 00:01:18]} Qb6 {[%clk 01:07:03]} {[%emt 00:07:26]}
11. Qc2 {[%clk 01:14:33]} {[%emt 00:12:59]} Be6 {[%clk 00:54:42]} {[%emt
00:12:29]} 12. b4 {[%clk 01:11:42]} {[%emt 00:03:02]} fxe4 {[%clk 00:39:54]}
{[%emt 00:14:58]} 13. Nxe4 {[%clk 01:02:32]} {[%emt 00:09:20]} Qd8 {[%clk
00:32:00]} {[%emt 00:08:03]} 14. bxc5 {[%clk 00:59:40]} {[%emt 00:03:03]} Nd5
{[%clk 00:31:46]} {[%emt 00:00:24]} 15. Bd2 {[%clk 00:56:11]} {[%emt 00:03:39]}
dxc5 {[%clk 00:24:42]} {[%emt 00:07:14]} 16. Ng5 {[%clk 00:52:40]} {[%emt
00:03:40]} Bg4 {[%clk 00:23:34]} {[%emt 00:01:17]} 17. Rae1 {[%clk 00:50:16]}
{[%emt 00:02:35]} h6 {[%emt 00:05:47]} 18. Qb3 {[%clk 00:48:30]} hxg5 {[%clk
00:17:03]} {[%emt 00:03:00]} 19. Qxd5+ {[%clk 00:47:36]} {[%emt 00:01:04]} Qxd5
{[%clk 00:16:37]} {[%emt 00:00:37]} 20. Bxd5+ {[%clk 00:47:36]} {[%emt
00:00:03]} Kh7 {[%clk 00:16:37]} {[%emt 00:00:04]} 21. fxg5 {[%clk 00:45:08]}
{[%emt 00:02:39]} Rxf1+ {[%clk 00:14:15]} {[%emt 00:02:32]} 22. Kxf1 {[%clk
00:45:06]} {[%emt 00:00:11]} Rf8+ {[%clk 00:13:43]} {[%emt 00:00:42]} 23. Kg2
{[%clk 00:43:51]} {[%emt 00:01:23]} Rd8 {[%clk 00:13:34]} {[%emt 00:00:21]} 24.
c4 {[%clk 00:41:23]} {[%emt 00:02:39]} Bf5 {[%clk 00:12:16]} {[%emt 00:01:27]}
25. Nc1 {[%clk 00:39:05]} {[%emt 00:02:28]} Ne7 {[%clk 00:10:49]} {[%emt
00:01:37]} 26. Be4 {[%clk 00:37:55]} {[%emt 00:01:21]} Be6 {[%clk 00:10:49]}
{[%emt 00:00:07]} 27. Bc3 {[%clk 00:37:21]} {[%emt 00:00:44]} b6 {[%clk
00:08:09]} {[%emt 00:02:51]} 28. h4 {[%clk 00:34:47]} {[%emt 00:02:44]} Nf5
{[%clk 00:07:50]} {[%emt 00:00:28]} 29. g4 {[%clk 00:33:02]} {[%emt 00:01:55]}
Nd6 {[%clk 00:07:50]} 30. Bf3 {[%clk 00:24:52]} {[%emt 00:08:20]} e4 {[%clk
00:06:30]} {[%emt 00:01:30]} 31. Bxg7 {[%clk 00:24:27]} {[%emt 00:00:35]} exf3+
{[%clk 00:06:23]} {[%emt 00:00:17]} 32. Kxf3 {[%clk 00:24:27]} {[%emt
00:00:05]} Bxc4 {[%clk 00:04:59]} {[%emt 00:01:34]} 33. Re7 {[%clk 00:23:57]}
{[%emt 00:00:40]} Bd5+ {[%clk 00:04:51]} {[%emt 00:00:18]} 34. Kg3 {[%clk
00:23:08]} {[%emt 00:00:59]} Re8 {[%clk 00:03:36]} {[%emt 00:01:26]} 35. Rd7
{[%clk 00:22:02]} {[%emt 00:01:15]} Be6 {[%clk 00:03:36]} {[%emt 00:00:07]} 36.
Rxa7 {[%clk 00:21:55]} {[%emt 00:00:18]} Nf7 {[%clk 00:03:27]} {[%emt
00:00:20]} 37. Bf6 {[%clk 00:21:46]} {[%emt 00:00:18]} Bd5 {[%clk 00:03:27]} 38.
Rd7 {[%clk 00:21:16]} {[%emt 00:00:38]} Be6 {[%clk 00:03:16]} {[%emt 00:00:25]}
39. Rb7 {[%clk 00:21:13]} {[%emt 00:00:12]} Bd5 {[%clk 00:03:16]} {[%emt
00:00:02]} 40. Rxb6 {[%clk 00:20:37]} {[%emt 00:00:45]} Re3+ {[%clk 00:03:06]}
{[%emt 00:00:18]} 41. Kf2 {[%clk 00:19:49]} {[%emt 00:00:59]} Rf3+ {[%clk
00:03:06]} {[%emt 00:00:04]} 42. Ke2 {[%clk 00:19:42]} {[%emt 00:00:10]} Rh3
{[%clk 00:03:06]} {[%emt 00:00:07]} 43. Rb5 {[%clk 00:19:08]} {[%emt 00:00:43]}
Bf3+ {[%clk 00:02:48]} {[%emt 00:00:30]} 44. Kf2 {[%clk 00:19:06]} {[%emt
00:00:10]} Bxg4 {[%clk 00:02:48]} {[%emt 00:00:02]} 45. Rxc5 {[%clk 00:19:06]}
{[%emt 00:00:10]} Rh1 {[%clk 00:02:48]} {[%emt 00:00:03]} 46. a4 {[%clk
00:18:14]} {[%emt 00:01:03]} Be6 {[%clk 00:02:48]} 47. Ne2 {[%clk 00:17:30]}
{[%emt 00:00:53]} Rxh4 {[%clk 00:02:37]} {[%emt 00:00:21]} 48. Nd4 {[%clk
00:17:01]} {[%emt 00:00:39]} Nxg5 {[%clk 00:02:05]} {[%emt 00:00:42]} 49. Nxe6
{[%clk 00:16:49]} {[%emt 00:00:24]} Nxe6 {[%clk 00:02:05]} {[%emt 00:00:07]} 50.
Rc7+ {[%clk 00:16:49]} {[%emt 00:00:07]} Nxc7 {[%clk 00:02:05]} {[%emt
00:00:01]} 51. Bxh4 {[%clk 00:16:49]} {[%emt 00:00:03]} Kg7 {[%clk 00:01:54]}
{[%emt 00:00:21]} 52. Ke3 {[%clk 00:16:25]} {[%emt 00:00:34]} Kf7 {[%clk
00:01:54]} {[%emt 00:00:01]} 53. Kd4 {[%clk 00:16:02]} {[%emt 00:00:34]} Ke6
{[%clk 00:01:35]} {[%emt 00:00:28]} 54. Kc5 {[%clk 00:15:55]} {[%emt 00:00:15]}
Kd7 {[%clk 00:00:51]} {[%emt 00:00:55]} 55. Kb6 {[%clk 00:15:41]} {[%emt
00:00:25]} Kc8 {[%clk 00:00:51]} 56. Bg3 {[%clk 00:15:19]} {[%emt 00:00:32]}
Nd5+ {[%clk 00:00:51]} {[%emt 00:00:03]} 57. Kc5 {[%clk 00:14:37]} {[%emt
00:00:52]} Nc3 {[%clk 00:00:51]} {[%emt 00:00:03]} 58. a5 {[%clk 00:13:36]}
{[%emt 00:01:10]} Kb7 {[%clk 00:00:51]} {[%emt 00:00:03]} 59. Kc4 {[%clk
00:13:09]} {[%emt 00:00:39]} Ne2 {[%emt 00:00:21]} 60. Be5 {[%clk 00:13:01]} g5
{[%clk 00:00:51]} {[%emt 00:00:08]} 61. Kd5 {[%clk 00:11:21]} {[%emt 00:01:51]}
Nc1 {[%clk 00:00:51]} {[%emt 00:00:03]} 62. Kc4 {[%clk 00:10:03]} {[%emt
00:01:28]} Nxd3 {[%clk 00:00:39]} {[%emt 00:00:21]} 63. Kd4 {[%emt 00:01:34]}
1/2-1/2